Big Mac: Ingredient or Not? Quiz Stats

 Plays Quiz Updated Jun 19, 2015

Challenge
Share
Tweet
Embed
Score 0/14 Timer 00:30
3 Plays Today
Possible Ingredient Y or N? % Correct
Sesame Seed Bun???
90.2%
Two All-Beef Patties???
90.2%
Lettuce???
89.5%
Pineapple???
88.8%
Special Sauce???
88.7%
Cheese???
88.6%
Chicken???
87.5%
Possible Ingredient Y or N? % Correct
Pickle???
87.2%
Bacon???
83.7%
Onion???
78.9%
Mustard???
73.4%
Mayonnaise???
70%
Ketchup???
59.1%
Tomato???
55.6%

You're not logged in!

Compare scores with friends on all Sporcle quizzes.
OR
Log In

You Might Also Like...

Show Comments

Extras

Top Quizzes Today


Score Distribution

Your Account Isn't Verified!

In order to create a playlist on Sporcle, you need to verify the email address you used during registration. Go to your Sporcle Settings to finish the process.

Report this User

Report this user for behavior that violates our Community Guidelines.

Details: